LEADER 01220cam0 2200253 450 001 E600200053159 005 20200706103226.0 100 $a20090908d1977 |||||ita|0103 ba 101 $afre 102 $aFR 200 1 $aÉcrits politiques. La Constitution de l'Allemagne (1800-1802). Actes de l'assemlée des états du royaume de Wurtemberg en 1815 et 1816. Analyse critique, A propos du "Reformhill" anglais$fG. W. F. Hegel$gSuivis de$e La réison et la croix du présent par Kostas Papaioannou 210 $aParis$cÉd. Champ Libre$d1977 215 $a422 p.$d25 cm 700 1$aHegel$b, Georg Wilhelm Friedrich$3AF00005281$4070$0289533 702 1$aPapaioannou, Kostas$3A600200056652$4070 801 0$aIT$bUNISOB$c20200706$gRICA 850 $aUNISOB 852 $aUNISOB$j100$m36198 912 $aE600200053159 940 $aM 102 Monografia moderna SBN 941 $aM 957 $a100$b002522$gSi$d36198$racquisto$1massimo$2UNISOB$3UNISOB$420090908091546.0$520200706103213.0$6Alfano 996 $aÉcrits politiques. La Constitution de l'Allemagne (1800-1802). Actes de l'assemlée des états du royaume de Wurtemberg en 1815 et 1816. Analyse critique, A propos du "Reformhill" anglais$91708969 997 $aUNISOB